000 00485cam a2200181ua 4500
001 5575
008 131004n ii |||gr||||Z||||||eng
020 _a978-81-237-5853-4
040 _cMAIN
082 _a304.6
245 1 1 _aIndia`s Quest for Population Stabilisation
_cBy Ashish Bose
250 _a1st ed.
260 _a[s.l]:
_bNational Book Trust,India,
_c2010.
300 _avii,242p.
653 _aSociology
653 _aIndia`s Quest for Population Stabilisation
942 _cBK
999 _c4738
_d4738